The View Between Villages by Noah Kahan - Lyrics Quiz - Statistics

General Stats
  • This quiz has been taken 77 times
    23 since last reset
  • The average score is 113 of 142
Answer Stats
Answer % Correct
a
100%
I
100%
as
88%
I'm
88%
in
88%
lungs
88%
my
88%
the
88%
again
82%
air
82%
am
82%
and
82%
death
82%
dreams
82%
feel
82%
got
82%
is
82%
it
82%
it's
82%
I've
82%
not
82%
of
82%
rush
82%
scared
82%
still
82%
there
82%
'til
82%
begins
76%
between
76%
blood
76%
bugs
76%
down
76%
earth
76%
for
76%
happy
76%
home
76%
homes
76%
last
76%
leave
76%
me
76%
middle
76%
minute
76%
road
76%
seventeen
76%
simple
76%
so
76%
splitting
76%
that
76%
their
76%
they
76%
things
76%
valley
76%
villages
76%
world
76%
alger
71%
angry
71%
back
71%
bridge
71%
brook
71%
curve
71%
dog
71%
everything's
71%
far
71%
from
71%
here
71%
just
71%
knew
71%
lost
71%
meaning
71%
on
71%
or
71%
over
71%
people
71%
seems
71%
surrounded
71%
all
65%
but
65%
car's
65%
gripping
65%
mile
65%
reverse
65%
skin
65%
two
65%
wheel
65%
stretch
59%
washing
59%
past
47%
No matching quizzes found
Score Distribution
Percent of People with Each Score
Percentile by Number Answered
Your Score History
You have not taken this quiz since the last reset